000 01109cam a2200289 a 4500
999 _c233313
_d233313
001 2541593
003 Nust
005 20170306162030.0
008 940429s1994 nyua 000 0aeng
010 _a 94020051
020 _a9780006548256
040 _aDLC
_cDLC
_dDLC
043 _ae-uk---
050 0 0 _aPR6023.E833
_bZ477 1994
082 0 0 _a823.914
_bLES
100 1 _aLessing, Doris,
_d1919-2013.
245 1 0 _aUnder my skin /
_cDoris Lessing.
250 _a1st U.S. ed.
260 _aNew York :
_bHarperCollins,
_c1994.
300 _a419 p. :
_bill. ;
_c25 cm.
500 _a"Volume one of my autobiography, to 1949."
500 _aVol. 2 of the author's autobiography published under the title: Walking in the shade.
600 1 0 _aLessing, Doris,
_d1919-2013.
650 0 _aAuthors, English
_y20th century
_vBiography.
906 _a7
_bcbc
_corignew
_d1
_eocip
_f19
_gy-gencatlg
942 _2ddc
_cBK